[Event "2. Bundesliga West 2008/2009"]
[Site "Salzburg"]
[Date "2009.03.07"]
[Round "10"]
[Board "5"]
[White "Jedinger, Andreas"]
[Black "Kranz, Armin"]
[Result "0-1"]
[WhiteElo "2183"]
[BlackElo "2168"]
[PlyCount "124"]
[EventDate "2008.10.17"]
[EventType "team"]
[EventRounds "11"]
[EventCountry "AUT"]
[WhiteTeam "Rochade Rum"]
[BlackTeam "Goetzis"]

1.e4 e5 2.Nf3 Nf6 3.Nxe5 d6 4.Nf3 Nxe4 5.Nc3 Nxc3 6.dxc3 Be7 7.Bf4 Nd7 8.Qd2 Nc5
9.O-O-O Bg4 10.Kb1 O-O 11.Be3 Ne6 12.h4 c6 13.Bd3 Qa5 14.Rdg1 f5 15.Ng5 Qd5
16.f3 Bh5 17.c4 Qe5 18.Re1 Bf6 19.c3 Bf7 20.Nxe6 Qxe6 21.Bd4 Be5 22.Qc2 Qf6
23.Bxe5 dxe5 24.Bxf5 h6 25.g4 Bxc4 26.Bh7+ Kh8 27.g5 Qxf3 28.gxh6 gxh6 29.Be4
Qf4 30.b3 Bd5 31.Bxd5 cxd5 32.Qe2 Rae8 33.Rhf1 Qg3 34.Rg1 Qxc3 35.Rc1 Qd4 36.Qh5
Qd3+ 37.Ka1 Re6 38.Rgd1 Qe4 39.Rc7 d4 40.Rdc1 Qf3 41.Qxf3 Rxf3 42.Rxb7 Kg8
43.Rg1+ Kf8 44.Rgg7 Rf1+ 45.Kb2 Rf2+ 46.Kb1 Ref6 47.Rh7 Rf7 48.Rb8+ Ke7 49.Rxh6
Re2 50.Rb7+ Kf8 51.Rh8+ Kg7 52.Rh7+ Kxh7 53.Rxf7+ Kg6 54.Rxa7 d3 55.Rd7 e4
56.h5+ Kxh5 57.Kc1 Rxa2 58.Rd4 Re2 59.b4 Kg4 60.b5 Kf3 61.b6 Rc2+ 62.Kb1 Rc6

[Event "2. Bundesliga West 2008/2009"]
[Site "Salzburg"]
[Date "2009.03.07"]
[Round "10"]
[Board "6"]
[White "Flatz, Lothar"]
[Black "Muehlbacher, Bernhard"]
[Result "1/2-1/2"]
[WhiteElo "2129"]
[BlackElo "2171"]
[PlyCount "110"]
[EventDate "2008.10.17"]
[EventType "team"]
[EventRounds "11"]
[EventCountry "AUT"]
[WhiteTeam "Goetzis"]
[BlackTeam "Rochade Rum"]

1.Nf3 c5 2.g3 Nc6 3.Bg2 e5 4.d3 g6 5.O-O Nge7 6.c4 Bg7 7.Nc3 O-O 8.Bg5 h6 9.Bd2
d6 10.Qc1 Kh7 11.a3 Rb8 12.Rb1 a6 13.b4 cxb4 14.axb4 b5 15.Nd5 Nxd5 16.cxd5 Ne7
17.e4 f5 18.Qa3 g5 19.h3 g4 20.hxg4 fxe4 21.dxe4 Bxg4 22.Rbc1 Nc8 23.Nh4 Nb6
24.Qd3 Nc4 25.Bc3 Bf6 26.Nf5 Rg8 27.Kh2 Qe8 28.Rh1 Rg5 29.Kg1 Rh5 30.f4 Rxh1+
31.Bxh1 Qh5 32.Rc2 Bxf5 33.exf5 Rg8 34.fxe5 dxe5 35.Be4 Qg5 36.Be1 Rg7 37.Bf2 h5
38.Kf1 Kh8 39.d6 Bd8 40.d7 Qe7 41.Qf3 Rg4 42.Bc5 Qg5 43.f6 Qxf6 44.Qxf6+ Bxf6
45.Rf2 Bd8 46.Rf8+ Rg8 47.Ke2 Rxf8 48.Bxf8 Nb6 49.Bf5 Kg8 50.Bc5 Kf7 51.Kd3 Kf6
52.Ke4 Na4 53.Bh3 a5 54.Kd5 Nc3+ 55.Kc6 a4

[Event "2. Bundesliga West 2008/2009"]
[Site "Salzburg"]
[Date "2009.03.07"]
[Round "10"]
[Board "1"]
[White "Lanka, Zigurds"]
[Black "Weindl, Alfred"]
[Result "1/2-1/2"]
[WhiteElo "2494"]
[BlackElo "2352"]
[PlyCount "73"]
[EventDate "2008.10.17"]
[EventType "team"]
[EventRounds "11"]
[EventCountry "AUT"]
[WhiteTeam "Mayrhofen/Zillertal"]
[BlackTeam "Bregenz"]

1.e4 c5 2.Nf3 Nc6 3.d4 cxd4 4.Nxd4 Nf6 5.Nc3 d6 6.Bg5 Bd7 7.Nb3 e6 8.Nb5 Qb8
9.Bxf6 gxf6 10.Be2 a6 11.N5d4 b5 12.O-O Qb6 13.Kh1 Nxd4 14.Nxd4 Bg7 15.c3 b4
16.f4 bxc3 17.bxc3 Ke7 18.Bh5 Rac8 19.Rb1 Qa7 20.Qg4 Rhg8 21.e5 dxe5 22.fxe5 f5
23.Qh4+ Kf8 24.Bf3 Qc5 25.Rb7 Be8 26.Nb3 Qa3 27.Qd4 Bh6 28.c4 Bg5 29.Qd6+ Qxd6
30.exd6 Ba4 31.Nd4 Rxc4 32.Bh5 Rxd4 33.Rxf7+ Ke8 34.Rg7+ Kf8 35.Rf7+ Ke8 36.Rg7+
Kf8 37.Rf7+

[Event "2. Bundesliga West 2008/2009"]
[Site "Salzburg"]
[Date "2009.03.07"]
[Round "10"]
[Board "3"]
[White "Maiwald, Jens-Uwe"]
[Black "Poettinger, Harald"]
[Result "1/2-1/2"]
[WhiteElo "2500"]
[BlackElo "2207"]
[PlyCount "59"]
[EventDate "2008.10.17"]
[EventType "team"]
[EventRounds "11"]
[EventCountry "AUT"]
[WhiteTeam "Mayrhofen/Zillertal"]
[BlackTeam "Bregenz"]

1.g3 d5 2.Bg2 Nf6 3.d3 c5 4.Nd2 Nc6 5.e4 e6 6.Ngf3 Be7 7.O-O Qc7 8.Re1 b6 9.c3
Ba6 10.e5 Nd7 11.Qe2 O-O 12.Nf1 Rae8 13.Bf4 Qb8 14.c4 dxc4 15.dxc4 Rd8 16.N1d2
b5 17.Ne4 Qb6 18.Bg5 Bxg5 19.Nexg5 Rfe8 20.Qe4 f5 21.exf6 Nxf6 22.Qh4 Nd4 23.Ne5
Bb7 24.Ng4 Rd7 25.Bd5 Bxd5 26.cxd5 e5 27.Rxe5 Rxe5 28.Nxe5 Rxd5 29.Ngf3 Qd6
30.Re1

[Event "2. Bundesliga West 2008/2009"]
[Site "Salzburg"]
[Date "2009.03.07"]
[Round "10"]
[Board "4"]
[White "Bezler, Rainer"]
[Black "Hausner, Ivan"]
[Result "1/2-1/2"]
[WhiteElo "2245"]
[BlackElo "2395"]
[PlyCount "83"]
[EventDate "2008.10.17"]
[EventType "team"]
[EventRounds "11"]
[EventCountry "AUT"]
[WhiteTeam "Bregenz"]
[BlackTeam "Mayrhofen/Zillertal"]

1.d4 e6 2.c4 b6 3.Nc3 Bb7 4.Nf3 f5 5.a3 Nf6 6.e3 Be7 7.Be2 O-O 8.O-O Qe8 9.b4
Ne4 10.Bb2 a5 11.c5 Rf6 12.Nb5 Na6 13.cxb6 cxb6 14.bxa5 bxa5 15.d5 Rh6 16.dxe6
dxe6 17.Be5 Rc8 18.Rc1 Nac5 19.Qd4 Qh5 20.Rfd1 Rg6 21.Qb2 Rf8 22.Nbd4 Bd5 23.Qb6
a4 24.Nc6 Bh4 25.Bg3 Bxc6 26.Nxh4 Qxe2 27.Nxg6 hxg6 28.Qxc6 Nd3 29.Qxe6+ Kh7
30.Rxd3 Qxd3 31.Qc4 Qxa3 32.Be5 Nd2 33.Qc7 Rf7 34.Qc6 Qb3 35.h3 a3 36.Qa8 a2
37.Rc8 Qd1+ 38.Kh2 Nf1+ 39.Kg1 Nxe3+ 40.Kh2 Nf1+ 41.Kg1 Ng3+ 42.Kh2

[Event "2. Bundesliga West 2008/2009"]
[Site "Salzburg"]
[Date "2009.03.07"]
[Round "10"]
[Board "5"]
[White "Tabernig, Bernhard"]
[Black "Lenninger, Ralf"]
[Result "1-0"]
[WhiteElo "2299"]
[BlackElo "2035"]
[PlyCount "89"]
[EventDate "2008.10.17"]
[EventType "team"]
[EventRounds "11"]
[EventCountry "AUT"]
[WhiteTeam "Mayrhofen/Zillertal"]
[BlackTeam "Bregenz"]

1.d4 Nf6 2.c4 e6 3.Nf3 Nc6 4.g3 Bb4+ 5.Nbd2 e5 6.dxe5 Ng4 7.Bg2 Ngxe5 8.Nxe5
Nxe5 9.a3 Be7 10.O-O a5 11.Ne4 O-O 12.c5 Ra6 13.Qd5 Re6 14.b4 f5 15.Nc3 Kh8
16.e4 c6 17.Qb3 Nd3 18.exf5 Nxc1 19.Raxc1 Rh6 20.g4 d5 21.h3 Rh4 22.Ne2 g6
23.fxg6 hxg6 24.f4 axb4 25.axb4 b6 26.Nd4 Bd7 27.Nf3 Rh7 28.Ne5 Be8 29.Qd3 bxc5
30.bxc5 Rg7 31.Qd4 Qc7 32.g5 Kg8 33.Bf3 Bd7 34.Bg4 Bf5 35.Kg2 Kh7 36.Kg3 Be4
37.h4 Ra8 38.Ra1 Rb8 39.Ra3 Rb5 40.Rc1 Qb7 41.Bf3 Rb4 42.Qd2 Rb2 43.Qc3 Bxf3
44.Qxf3 Rh2 45.Rb3

[Event "2. Bundesliga West 2008/2009"]
[Site "Salzburg"]
[Date "2009.03.07"]
[Round "10"]
[Board "6"]
[White "Juen, Leopold"]
[Black "Kroell, Johannes"]
[Result "1/2-1/2"]
[WhiteElo "1981"]
[BlackElo "2207"]
[PlyCount "142"]
[EventDate "2008.10.17"]
[EventType "team"]
[EventRounds "11"]
[EventCountry "AUT"]
[WhiteTeam "Bregenz"]
[BlackTeam "Mayrhofen/Zillertal"]

1.e4 g6 2.Nc3 Bg7 3.g3 d6 4.Bg2 Nd7 5.Nge2 e6 6.d3 Ne7 7.Rb1 O-O 8.Be3 h6 9.Qd2
Kh7 10.O-O a6 11.f4 f5 12.Nd4 Nf6 13.exf5 exf5 14.h3 c5 15.Nf3 Nc6 16.Rfe1 Qa5
17.a3 Bd7 18.Re2 Rae8 19.Rbe1 d5 20.Nd1 Qxd2 21.Bxd2 Rxe2 22.Rxe2 Nh5 23.Kh2 Re8
24.Rxe8 Bxe8 25.Bc3 d4 26.Be1 Bf7 27.Nd2 g5 28.fxg5 hxg5 29.b3 Be5 30.Nf3 Bf6
31.Nb2 Kg6 32.Nc4 Bxc4 33.bxc4 Bd8 34.Ng1 Bc7 35.Ne2 Nd8 36.Bf3 Nf6 37.Kg2 g4
38.hxg4 fxg4 39.Bd5 Nxd5 40.cxd5 Kf5 41.Bd2 Nf7 42.Bf4 Be5 43.Kf2 Nd6 44.Bc1 Nb5
45.a4 Nc7 46.Ba3 b6 47.d6 Ne6 48.d7 a5 49.Bc1 Bc7 50.Bf4 Bd8 51.Bd6 Ng5 52.Nf4
Nf7 53.Bb8 Ne5 54.Bxe5 Kxe5 55.Ke1 Kd6 56.Kd1 Kxd7 57.c4 dxc3 58.Nd5 Bc7 59.Nf6+
Kc6 60.Nxg4 Bxg3 61.Kc2 Be1 62.Ne5+ Kb7 63.Nc4 Kc6 64.Ne5+ Kd5 65.Nc4 Kc6
66.Ne5+ Kc7 67.Nc4 b5 68.axb5 a4 69.Kd1 Bf2 70.Kc2 Bd4 71.Kc1 Kb7

[Event "2. Bundesliga West 2008/2009"]
[Site "Salzburg"]
[Date "2009.03.07"]
[Round "10"]
[Board "1"]
[White "Baldauf, Marco"]
[Black "Navratil, Robert"]
[Result "1-0"]
[WhiteElo "2313"]
[BlackElo "2127"]
[PlyCount "81"]
[EventDate "2008.10.17"]
[EventType "team"]
[EventRounds "11"]
[EventCountry "AUT"]
[WhiteTeam "Hohenems II"]
[BlackTeam "ASK Salzburg"]

1.Nf3 Nf6 2.c4 Nc6 3.d4 e6 4.a3 g6 5.Nc3 d6 6.g3 Bg7 7.Bg2 O-O 8.O-O e5 9.d5 Ne7
10.b4 Ne8 11.Nd2 f5 12.Qb3 g5 13.c5 Ng6 14.cxd6 cxd6 15.Nc4 Rf7 16.a4 h5 17.Nb5
h4 18.Be3 b6 19.Nc3 Rb8 20.b5 f4 21.Bd2 g4 22.Ne4 a5 23.bxa6 Bxa6 24.Rab1 Bf8
25.Rfe1 Ng7 26.Na3 Nf5 27.Nb5 Rbb7 28.Rbc1 Bxb5 29.axb5 Nd4 30.Qd3 Qd7 31.Ng5
Rf6 32.Ne6 Qxb5 33.Rc4 Nxe2+ 34.Qxe2 f3 35.Qe4 fxg2 36.Bg5 Rbf7 37.Bxf6 Rxf6
38.Qxg4 Qxd5 39.Nxf8 Kxf8 40.Rc7 Qe6 41.Ra1

[Event "2. Bundesliga West 2008/2009"]
[Site "Salzburg"]
[Date "2009.03.07"]
[Round "10"]
[Board "2"]
[White "Juergens, Klaus"]
[Black "Grabher, Heinz"]
[Result "0-1"]
[WhiteElo "2196"]
[BlackElo "2226"]
[PlyCount "86"]
[EventDate "2008.10.17"]
[EventType "team"]
[EventRounds "11"]
[EventCountry "AUT"]
[WhiteTeam "ASK Salzburg"]
[BlackTeam "Hohenems II"]

1.Nf3 Nc6 2.d4 d5 3.Bf4 Bg4 4.e3 e6 5.Bb5 Bd6 6.h3 Bh5 7.g4 Bg6 8.Ne5 Nge7 9.Nd2
O-O 10.h4 f6 11.Nxg6 Nxg6 12.Bxd6 Qxd6 13.h5 Nge7 14.c3 a6 15.Bd3 b5 16.Nb3 Nb8
17.Bc2 Nd7 18.Qd3 f5 19.O-O-O c5 20.dxc5 Nxc5 21.Nxc5 Qxc5 22.gxf5 Nxf5 23.e4
dxe4 24.Qxe4 Rae8 25.Rh2 Rf6 26.Rd7 Rf7 27.Rxf7 Kxf7 28.Rg2 Re7 29.Bb3 Kf6
30.Qa8 Rd7 31.Qxa6 Qe5 32.Rg1 Ng3 33.Bd1 Qf4+ 34.Kb1 Qxf2 35.Qxb5 Rd5 36.Qe8
Qxg1 37.Qf8+ Ke5 38.Qb8+ Ke4 39.Qb4+ Kd3 40.Qb3 Ke4 41.Qb4+ Ke5 42.Qb8+ Rd6
43.Qb5+ Kf6

[Event "2. Bundesliga West 2008/2009"]
[Site "Salzburg"]
[Date "2009.03.07"]
[Round "10"]
[Board "3"]
[White "Amann, Guenter"]
[Black "Besner, Bernhard"]
[Result "1/2-1/2"]
[WhiteElo "2330"]
[BlackElo "2145"]
[PlyCount "99"]
[EventDate "2008.10.17"]
[EventType "team"]
[EventRounds "11"]
[EventCountry "AUT"]
[WhiteTeam "Hohenems II"]
[BlackTeam "ASK Salzburg"]

1.c4 e6 2.g3 d5 3.Bg2 Nf6 4.d4 c5 5.Nf3 Nc6 6.O-O dxc4 7.Qa4 Bd7 8.Qxc4 b5 9.Qd3
Rc8 10.dxc5 Bxc5 11.Nc3 Nb4 12.Qd2 Bc6 13.Qg5 Qe7 14.Qxg7 Rg8 15.Qh6 Rg6 16.Qh4
Nc2 17.Ne5 Bxg2 18.Kxg2 Nxa1 19.Nxg6 hxg6 20.Bg5 Qb7+ 21.Kg1 Nd5 22.Rxa1 Nxc3
23.bxc3 Be7 24.Qh8+ Kd7 25.Rd1+ Kc6 26.Qe5 Bc5 27.Be3 Qe7 28.a4 a6 29.axb5+ axb5
30.Qe4+ Kb6 31.Qb4 Kc6 32.Bxc5 Qxc5 33.Qe4+ Kb6 34.Rd7 Rc6 35.Rd3 Qa3 36.Qd4+
Kb7 37.Qd7+ Kb6 38.Qd8+ Rc7 39.h4 Kb7 40.Qe8 Qc5 41.Rd7 Qxc3 42.Rxc7+ Kxc7
43.Qxf7+ Kd6 44.Qxg6 b4 45.h5 b3 46.h6 Qc2 47.Qg8 b2 48.Qd8+ Ke5 49.Qg5+ Kd6
50.Qd8+

[Event "2. Bundesliga West 2008/2009"]
[Site "Salzburg"]
[Date "2009.03.07"]
[Round "10"]
[Board "4"]
[White "Loeffler, Christoph"]
[Black "Burschowsky, Matthias"]
[Result "1/2-1/2"]
[WhiteElo "2166"]
[BlackElo "2193"]
[PlyCount "116"]
[EventDate "2008.10.17"]
[EventType "team"]
[EventRounds "11"]
[EventCountry "AUT"]
[WhiteTeam "ASK Salzburg"]
[BlackTeam "Hohenems II"]

1.e4 c5 2.Nc3 Nc6 3.f4 g6 4.Nf3 Bg7 5.Bc4 d6 6.d3 a6 7.a4 Nf6 8.O-O O-O 9.Qe1
Nd4 10.Nxd4 cxd4 11.Nd5 e6 12.Nxf6+ Bxf6 13.a5 d5 14.exd5 exd5 15.Bb3 Bg4 16.Ba4
Bh4 17.g3 Bf6 18.Bd2 Bd7 19.Bxd7 Qxd7 20.f5 Rae8 21.Qf2 Re5 22.Bf4 Rxf5 23.g4
Re5 24.Bxe5 Bxe5 25.Qf3 Qd6 26.Rf2 g5 27.Qf5 Bf4 28.Re2 h6 29.Rf1 Kg7 30.Rf3 Rd8
31.h4 Qf6 32.hxg5 hxg5 33.Qxf6+ Kxf6 34.Kg2 Rc8 35.Rh3 Kg6 36.Kf3 Rc5 37.Re7 Rb5
38.b3 Kf6 39.Re8 Rxa5 40.Rh6+ Kg7 41.Rb6 Be3 42.Rxb7 Ra1 43.Ree7 Rf1+ 44.Ke2
Rf2+ 45.Ke1 a5 46.Ra7 Rf4 47.Red7 Kg6 48.Rd6+ Kg7 49.Rxd5 Rxg4 50.Rf5 Rg1+
51.Ke2 g4 52.Raxf7+ Kg6 53.R7f6+ Kg7 54.Rc6 Rg2+ 55.Ke1 Rg1+ 56.Ke2 Rg2+ 57.Kf1
Rg1+ 58.Ke2 Rg2+

[Event "2. Bundesliga West 2008/2009"]
[Site "Salzburg"]
[Date "2009.03.07"]
[Round "10"]
[Board "5"]
[White "Sandholzer, Robert"]
[Black "Scheiblmaier, Robert"]
[Result "0-1"]
[WhiteElo "2107"]
[BlackElo "2133"]
[PlyCount "86"]
[EventDate "2008.10.17"]
[EventType "team"]
[EventRounds "11"]
[EventCountry "AUT"]
[WhiteTeam "Hohenems II"]
[BlackTeam "ASK Salzburg"]

1.e4 e6 2.d4 d5 3.Nd2 Nf6 4.e5 Nfd7 5.Bd3 c5 6.c3 b6 7.Ne2 Ba6 8.Bb1 cxd4 9.cxd4
Nc6 10.Nf3 Bb4+ 11.Bd2 Bxd2+ 12.Qxd2 Qe7 13.O-O Qb4 14.Rd1 Qxd2 15.Rxd2 Bxe2
16.Rxe2 Rc8 17.Bc2 Ke7 18.Ba4 a6 19.Rd1 h6 20.Ne1 b5 21.Bc2 Rc7 22.f4 Rhc8 23.f5
Nb4 24.Bb1 Rc1 25.Red2 Rxd1 26.Rxd1 Nc6 27.Nf3 Nb6 28.fxe6 fxe6 29.Kf2 Nc4 30.b3
Na3 31.Bg6 Nb4 32.Rd2 Rc1 33.g4 Ra1 34.Kg3 Rxa2 35.Rd1 Rb2 36.Rc1 Nac2 37.g5 a5
38.Kg4 a4 39.gxh6 gxh6 40.bxa4 bxa4 41.Ne1 Nxe1 42.Rxe1 Rg2+ 43.Kh5 Rxh2+

[Event "2. Bundesliga West 2008/2009"]
[Site "Salzburg"]
[Date "2009.03.07"]
[Round "10"]
[Board "1"]
[White "Drabke, Lorenz"]
[Black "Prusikin, Michael"]
[Result "1/2-1/2"]
[WhiteElo "2474"]
[BlackElo "2538"]
[PlyCount "84"]
[EventDate "2008.10.17"]
[EventType "team"]
[EventRounds "11"]
[EventCountry "AUT"]
[WhiteTeam "Dornbirn"]
[BlackTeam "Wuestenrot Inter Sbg Sued"]

1.e4 e6 2.d4 d5 3.Nd2 c5 4.Ngf3 cxd4 5.Nxd4 Nc6 6.Bb5 Bd7 7.Nxc6 bxc6 8.Bd3 Qc7
9.c4 d4 10.Nb3 c5 11.f4 e5 12.O-O Bd6 13.Qf3 Nf6 14.Bd2 a5 15.f5 a4 16.Nc1 Bc6
17.Rb1 Qb7 18.Re1 h6 19.Re2 Kf8 20.Be1 Be7 21.Bg3 Nd7 22.Bc2 Bg5 23.Nd3 Re8
24.Nf2 Kg8 25.Kh1 Qa8 26.Bd3 h5 27.Nh3 Bd8 28.Be1 Nf6 29.Bd2 Ng4 30.Nf2 Nf6
31.Rg1 Qb7 32.Bc1 Kf8 33.Bg5 Qa8 34.Rb1 Nd7 35.Bd2 Ba5 36.Bg5 Bd8 37.Bd2 Bh4
38.Nh3 Be7 39.Nf2 Qd8 40.Nh3 Nf6 41.Nf2 Nd7 42.Nh3 Nf6

[Event "2. Bundesliga West 2008/2009"]
[Site "Salzburg"]
[Date "2009.03.07"]
[Round "10"]
[Board "2"]
[White "Pitl, Gregory"]
[Black "Szakolczai, Peter"]
[Result "1-0"]
[WhiteElo "2410"]
[BlackElo "2251"]
[PlyCount "65"]
[EventDate "2008.10.17"]
[EventType "team"]
[EventRounds "11"]
[EventCountry "AUT"]
[WhiteTeam "Wuestenrot Inter Sbg Sued"]
[BlackTeam "Dornbirn"]

1.d4 Nf6 2.c4 b6 3.Nc3 Bb7 4.Qc2 e6 5.e4 Bb4 6.Bd3 Bxc3+ 7.bxc3 d6 8.f4 Nc6
9.Nf3 Na5 10.O-O Qe7 11.e5 Nd7 12.f5 Bxf3 13.exd6 cxd6 14.fxe6 fxe6 15.Rxf3
O-O-O 16.c5 dxc5 17.Ba6+ Nb7 18.Qe4 Nb8 19.Bg5 Qd7 20.Bxd8 Nxa6 21.Bh4 Nc7
22.Bg3 Rd8 23.Qe5 cxd4 24.Rd1 Qc6 25.Rxd4 Rxd4 26.cxd4 Nd8 27.h3 a5 28.d5 Nxd5
29.Qb8+ Kd7 30.Kh2 Ke8 31.Bd6 Kd7 32.Be5 g6 33.Rf8

[Event "2. Bundesliga West 2008/2009"]
[Site "Salzburg"]
[Date "2009.03.07"]
[Round "10"]
[Board "3"]
[White "Novkovic, Julia"]
[Black "Grafl, Florian"]
[Result "0-1"]
[WhiteElo "2128"]
[BlackElo "2404"]
[PlyCount "162"]
[EventDate "2008.10.17"]
[EventType "team"]
[EventRounds "11"]
[EventCountry "AUT"]
[WhiteTeam "Dornbirn"]
[BlackTeam "Wuestenrot Inter Sbg Sued"]

1.e4 d5 2.exd5 Qxd5 3.Nf3 Bg4 4.Be2 Nc6 5.d4 O-O-O 6.Be3 e5 7.c4 Qa5+ 8.Bd2 Bb4
9.d5 Bxf3 10.Bxf3 Nd4 11.Nc3 Qa6 12.b3 Qg6 13.O-O Nf6 14.a3 Bd6 15.Re1 Qc2 16.b4
Nxf3+ 17.Qxf3 Qxd2 18.c5 Bxc5 19.bxc5 Nxd5 20.Nb5 a6 21.Red1 Qf4 22.Nd6+ cxd6
23.Qxd5 dxc5 24.Qxc5+ Kb8 25.g3 Qf6 26.Rab1 Rxd1+ 27.Rxd1 Rc8 28.Qd5 Qe6 29.Qd3
h5 30.Qe2 Qf5 31.Rd5 f6 32.h4 Qe6 33.Qd2 Qc6 34.Rd8 Rxd8 35.Qxd8+ Ka7 36.Qf8 Qc7
37.Kg2 a5 38.Kh2 Kb6 39.Qe8 Qc5 40.Qe6+ Ka7 41.Qa2 g5 42.hxg5 fxg5 43.Kg2 Qc6+
44.Kh2 Qf3 45.Qb2 h4 46.a4 Qd5 47.Qc3 Kb8 48.Qa3 Qd4 49.Qf8+ Ka7 50.Kg2 Qe4+
51.Kh2 Qc2 52.Kh3 Qxa4 53.Qc5+ Ka6 54.Qxe5 Qd7+ 55.Kh2 hxg3+ 56.fxg3 g4 57.Qe2+
Ka7 58.Qf2+ b6 59.Qf4 a4 60.Qb4 Ka6 61.Qe4 b5 62.Qa8+ Kb6 63.Qb8+ Kc5 64.Qe5+
Kc4 65.Qf4+ Qd4 66.Qc1+ Kb3 67.Qg5 Qf2+ 68.Kh1 Qf1+ 69.Kh2 Qh3+ 70.Kg1 Qxg3+
71.Kh1 Qe1+ 72.Kg2 Qe2+ 73.Kg1 Qd1+ 74.Kh2 Ka2 75.Qc5 b4 76.Qc4+ Ka3 77.Qc5 Qd2+
78.Kh1 Qe1+ 79.Kg2 Qc3 80.Qd6 Kb2 81.Qd7 a3

[Event "2. Bundesliga West 2008/2009"]
[Site "Salzburg"]
[Date "2009.03.07"]
[Round "10"]
[Board "4"]
[White "Pitschka, Klaus"]
[Black "Klocker, Benedikt"]
[Result "0-1"]
[WhiteElo "2301"]
[BlackElo "2119"]
[PlyCount "52"]
[EventDate "2008.10.17"]
[EventType "team"]
[EventRounds "11"]
[EventCountry "AUT"]
[WhiteTeam "Wuestenrot Inter Sbg Sued"]
[BlackTeam "Dornbirn"]

1.e4 c5 2.Nf3 d6 3.c3 Nf6 4.Bd3 g6 5.Bc2 Nc6 6.d4 cxd4 7.cxd4 Bg7 8.h3 O-O 9.Nc3
e6 10.O-O a6 11.Be3 b5 12.Qd2 Re8 13.Bg5 Qb6 14.d5 exd5 15.Bxf6 Bxf6 16.Nxd5 Qd8
17.Nxf6+ Qxf6 18.Bb3 Bxh3 19.Bxf7+ Qxf7 20.Ng5 Qe7 21.Nxh3 Qxe4 22.Rfd1 Rad8
23.Ng5 Qf5 24.Rac1 Rc8 25.Qxd6 Qxg5 26.f4 Qe7

[Event "2. Bundesliga West 2008/2009"]
[Site "Salzburg"]
[Date "2009.03.07"]
[Round "10"]
[Board "5"]
[White "Kanonier, Clemens"]
[Black "Riemelmoser, Franz"]
[Result "1-0"]
[WhiteElo "2077"]
[BlackElo "2298"]
[PlyCount "113"]
[EventDate "2008.10.17"]
[EventType "team"]
[EventRounds "11"]
[EventCountry "AUT"]
[WhiteTeam "Dornbirn"]
[BlackTeam "Wuestenrot Inter Sbg Sued"]

1.e4 e6 2.d4 d5 3.e5 c5 4.c3 Nc6 5.Nf3 Bd7 6.a3 f6 7.b4 cxd4 8.cxd4 g6 9.Bd3 Bg7
10.b5 Na5 11.O-O Nh6 12.exf6 Qxf6 13.Ne5 Rd8 14.Nd2 Nf5 15.Bb2 O-O 16.Rc1 Be8
17.Rc7 Bh6 18.Ndf3 Nh4 19.Nxh4 Qxh4 20.g3 Qh3 21.Bc3 b6 22.Rxa7 Nc4 23.Nxc4 dxc4
24.Bxc4 Rf7 25.Re1 Qf5 26.Qe2 Bxb5 27.Rxf7 Bxc4 28.Rxf5 Bxe2 29.Re5 Bc4 30.Rxe6
Bxe6 31.Rxe6 b5 32.Re5 Rc8 33.Rc5 Rb8 34.Bb4 Rb7 35.Rc8+ Kf7 36.d5 Rd7 37.Rc5
Rb7 38.d6 Ke6 39.Rc8 Bg5 40.Kg2 Bf6 41.Rc7 Rxc7 42.dxc7 Kd7 43.Bd6 Bc3 44.Kf3
Bd4 45.Ke2 Bb6 46.f3 Bxc7 47.Bxc7 Kxc7 48.Kd3 Kd6 49.Kd4 g5 50.f4 gxf4 51.gxf4
h6 52.Ke4 Ke6 53.f5+ Kf6 54.Kf4 Kf7 55.Ke5 h5 56.Kf4 h4 57.h3

[Event "2. Bundesliga West 2008/2009"]
[Site "Salzburg"]
[Date "2009.03.07"]
[Round "10"]
[Board "6"]
[White "Azad, Razik"]
[Black "Karrer, Damian"]
[Result "1-0"]
[WhiteElo "2027"]
[BlackElo "2020"]
[PlyCount "75"]
[EventDate "2008.10.17"]
[EventType "team"]
[EventRounds "11"]
[EventCountry "AUT"]
[WhiteTeam "Wuestenrot Inter Sbg Sued"]
[BlackTeam "Dornbirn"]

1.e4 c5 2.Nf3 Nc6 3.d4 cxd4 4.Nxd4 Nf6 5.Nc3 e5 6.Ndb5 d6 7.Bg5 a6 8.Na3 b5
9.Nd5 Be7 10.Bxf6 Bxf6 11.c4 b4 12.Nc2 a5 13.g3 O-O 14.h4 a4 15.Ndxb4 Nxb4
16.Nxb4 Qa5 17.a3 Rb8 18.Bd3 Bd8 19.O-O Bd7 20.Be2 Bb6 21.Bg4 Bxg4 22.Qxg4 Rb7
23.Rad1 Bc5 24.Rd5 Qb6 25.Nd3 Bd4 26.h5 h6 27.Rc1 Qb3 28.Qe2 f5 29.exf5 Rxf5
30.Rxd6 Rbf7 31.Rd8+ Kh7 32.Qe4 Bxf2+ 33.Kg2 Qb7 34.Rd5 Kg8 35.g4 Qe7 36.gxf5
Qg5+ 37.Kxf2 Rxf5+ 38.Ke2

[Event "2. Bundesliga West 2008/2009"]
[Site "Salzburg"]
[Date "2009.03.08"]
[Round "11"]
[Board "1"]
[White "Zelcic, Robert"]
[Black "Deglmann, Ludwig"]
[Result "1-0"]
[WhiteElo "2578"]
[BlackElo "2336"]
[PlyCount "67"]
[EventDate "2008.10.17"]
[EventType "team"]
[EventRounds "11"]
[EventCountry "AUT"]
[WhiteTeam "Sparkasse Schwarzach"]
[BlackTeam "Sparkasse Jenbach II"]

1.e4 g6 2.d4 Bg7 3.Nf3 d6 4.Nc3 a6 5.Bd3 Nd7 6.O-O c5 7.d5 b5 8.a4 b4 9.Nb1 Ngf6
10.a5 c4 11.Bxc4 Nxe4 12.Qe1 Ndc5 13.Qxb4 Bg4 14.Nbd2 Rb8 15.Qa3 Nxd2 16.Nxd2
O-O 17.Nb3 Nxb3 18.cxb3 Qc8 19.Re1 Bd7 20.Bg5 Bd4 21.Be3 Bxe3 22.Rxe3 Bb5 23.h3
Re8 24.Rc1 Qf5 25.Qa1 e5 26.dxe6 fxe6 27.Qa3 d5 28.Bxb5 Rxb5 29.Qd6 d4 30.Qxd4
Rxa5 31.Rc7 Ra1+ 32.Kh2 e5 33.Qc4+ Kh8 34.Rf3

[Event "2. Bundesliga West 2008/2009"]
[Site "Salzburg"]
[Date "2009.03.08"]
[Round "11"]
[Board "2"]
[White "Micheli, Carlo"]
[Black "Krstic, Uros"]
[Result "1/2-1/2"]
[WhiteElo "2289"]
[BlackElo "2367"]
[PlyCount "52"]
[EventDate "2008.10.17"]
[EventType "team"]
[EventRounds "11"]
[EventCountry "AUT"]
[WhiteTeam "Sparkasse Jenbach II"]
[BlackTeam "Sparkasse Schwarzach"]

1.e4 e5 2.Nf3 Nc6 3.Bb5 Nge7 4.c3 a6 5.Ba4 d6 6.d4 Bd7 7.Be3 Ng6 8.Nbd2 Be7
9.Nf1 exd4 10.cxd4 d5 11.Ng3 Bb4+ 12.Nd2 dxe4 13.d5 Nce7 14.Bb3 Nf5 15.Nxf5 Bxf5
16.O-O O-O 17.Nxe4 Bxe4 18.Qd4 Bxg2 19.Kxg2 Bd6 20.f4 Qh4 21.Rf3 Rae8 22.Raf1
Qe7 23.Kh1 Nh4 24.Rh3 Nf5 25.Bc2 Qd7 26.Rh5 Nxd4

[Event "2. Bundesliga West 2008/2009"]
[Site "Salzburg"]
[Date "2009.03.08"]
[Round "11"]
[Board "3"]
[White "Hecht, Hans-Joachim"]
[Black "Kleissl, Helmut"]
[Result "1/2-1/2"]
[WhiteElo "2394"]
[BlackElo "2281"]
[PlyCount "44"]
[EventDate "2008.10.17"]
[EventType "team"]
[EventRounds "11"]
[EventCountry "AUT"]
[WhiteTeam "Sparkasse Schwarzach"]
[BlackTeam "Sparkasse Jenbach II"]

1.d4 d6 2.Nf3 g6 3.e4 Bg7 4.Bc4 Nf6 5.Qe2 c6 6.Bb3 O-O 7.O-O e5 8.dxe5 dxe5
9.Nbd2 Qe7 10.Nc4 Bg4 11.h3 Bxf3 12.Qxf3 Nbd7 13.c3 Nc5 14.Bc2 b5 15.Ne3 Rad8
16.Ng4 Nxg4 17.hxg4 Bf6 18.Be3 Na4 19.b4 Nc5 20.Bc1 Ne6 21.Qe3 Qd7 22.g3 Qc7

[Event "2. Bundesliga West 2008/2009"]
[Site "Salzburg"]
[Date "2009.03.08"]
[Round "11"]
[Board "4"]
[White "Schnegg, Daniel"]
[Black "Danner, Georg"]
[Result "0-1"]
[WhiteElo "2090"]
[BlackElo "2440"]
[PlyCount "60"]
[EventDate "2008.10.17"]
[EventType "team"]
[EventRounds "11"]
[EventCountry "AUT"]
[WhiteTeam "Sparkasse Jenbach II"]
[BlackTeam "Sparkasse Schwarzach"]

1.e4 c5 2.Nf3 Nc6 3.d4 cxd4 4.Nxd4 Nf6 5.Nc3 d6 6.Bc4 Na5 7.Bd3 g6 8.Be3 Bg7
9.f3 Bd7 10.Qd2 Rc8 11.Bh6 O-O 12.Bxg7 Kxg7 13.Nb3 Be6 14.O-O Nc4 15.Bxc4 Rxc4
16.Kh1 Qb6 17.Ne2 Rfc8 18.c3 R4c7 19.Nbd4 Bc4 20.b3 Bxe2 21.Nxe2 Qa5 22.Qb2 Qe5
23.Qa3 b5 24.Qb4 a6 25.a4 Nd5 26.f4 Qxc3 27.Nxc3 Nxb4 28.Ne2 Nc2 29.Ra2 b4
30.Rf3 Nd4

[Event "2. Bundesliga West 2008/2009"]
[Site "Salzburg"]
[Date "2009.03.08"]
[Round "11"]
[Board "5"]
[White "Ljubic, Juro"]
[Black "Schnegg, Martin"]
[Result "1/2-1/2"]
[WhiteElo "2222"]
[BlackElo "2061"]
[PlyCount "53"]
[EventDate "2008.10.17"]
[EventType "team"]
[EventRounds "11"]
[EventCountry "AUT"]
[WhiteTeam "Sparkasse Schwarzach"]
[BlackTeam "Sparkasse Jenbach II"]

1.e4 c5 2.Ne2 d6 3.g3 g6 4.Bg2 Bg7 5.c3 e5 6.O-O Nc6 7.Na3 Nge7 8.Nc2 d5 9.exd5
Nxd5 10.d4 cxd4 11.cxd4 exd4 12.Nexd4 Nxd4 13.Nxd4 O-O 14.Nb5 Be6 15.a4 Qf6
16.Bxd5 Rad8 17.Nc3 Bxd5 18.Nxd5 Qe5 19.Be3 Rxd5 20.Qb3 b6 21.Rfe1 Qd6 22.Bf4
Be5 23.Rad1 Rxd1 24.Rxd1 Qc7 25.Bg5 Bg7 26.Re1 h6 27.Bf4